000 00856nam a22002417a 4500
001 000552
003 DO-SdBNP
005 20180223093106.0
007 000552
008 161017b 1977 mx ||||| |||| 00| 0 spa d
040 _aBPMSU
_bspa
_cBPMSU
100 1 _aFriedlander, Judith
240 1 0 _a Being Indian in Hueyapan: a study of forced identity in contemporary Mexico.
_lEspañol
245 1 0 _aSer indio en Hueyapan :
_bun estudio de identidad obligada en el México contemporáneo /
_cJudith Friedlander ; traducción de Celia H. Paschero.
260 _aMéxico :
_bFondo de Cultura Económica,
_c1977.
300 _a254 p. :
_bil. ;
_c17 cm.
490 1 _aPopular
_v164
700 1 2 _aPaschero, Celia H.
_etr.
830 0 _aPopular ;
_v164
942 _2ddc
_cBK
945 _aInventariado, 2018 /LP
956 _aLOPEREZ
_b10
_c20161017
_hBPMSU
999 _c11568
_d11568